[Event "Salon de Provence op 6th"]
[Site "Salon de Provence"]
[Date "2015.07.04"]
[Round "9"]
[White "Dudognon, Thibault"]
[Black "Kizil, Yilmaz"]
[Result "1-0"]
[WhiteElo "2164"]
[BlackElo "1704"]
[PlyCount "83"]
[EventDate "2015.07.04"]
[EventType "swiss"]
[EventRounds "9"]
[EventCountry "FRA"]
[SourceTitle "EXT 2016"]
[Source "ChessBase"]
[SourceDate "2015.10.08"]
[SourceVersion "1"]
[SourceVersionDate "2015.10.08"]
[SourceQuality "1"]

1. e4 e5 2. Nf3 Nc6 3. Bb5 a6 4. Bxc6 dxc6 5. 0-0 Bg4 6. h3 h5 7. d3 Qd7 8. Be3 Bxh3 9. gxh3 Qxh3 10. Ng5 Qd7 11. Re1 f6 12. Nf3 Nh6 13. Kf1 Ng4 14. Ke2 0-0-0 15. Nbd2 Nxe3 16. fxe3 g5 17. Rh1 h4 18. Qg1 h3 19. Nh2 Kb8 20. Qg4 Qe7 21. Nhf3 Qc5 22. Rac1 f5 23. exf5 Bg7 24. Rxh3 Rhe8 25. Nb3 Qf8 26. e4 c5 27. Nbd2 b5 28. Nxg5 Bh6 29. Ne6 Rxe6 30. fxe6 Bf4 31. Rch1 c4 32. Rh8 cxd3+ 33. cxd3 Qb4 34. Rxd8+ Kb7 35. Rd1 Qc5 36. d4 Qc2 37. e7 Qxb2 38. Qc8+ Kb6 39. Qb8+ Ka5 40. Qxc7+ Ka4 41. e8Q exd4 42. Qxf4 1-0

[Event "Salon de Provence op 6th"]
[Site "Salon de Provence"]
[Date "2015.07.04"]
[Round "2"]
[White "Kizil, Yilmaz"]
[Black "Kolb, Sebastien"]
[Result "0-1"]
[WhiteElo "1704"]
[BlackElo "2077"]
[PlyCount "68"]
[EventDate "2015.07.04"]
[EventType "swiss"]
[EventRounds "9"]
[EventCountry "FRA"]
[SourceTitle "EXT 2016"]
[Source "ChessBase"]
[SourceDate "2015.10.08"]
[SourceVersion "1"]
[SourceVersionDate "2015.10.08"]
[SourceQuality "1"]

1. e4 c5 2. Nc3 Nc6 3. f4 g6 4. Nf3 Bg7 5. Bc4 e6 6. f5 Nge7 7. a4 d5 8. Ba2 d4 9. Ne2 exf5 10. d3 0-0 11. 0-0 Ne5 12. Nxe5 Bxe5 13. Qe1 Be6 14. Qh4 Bxa2 15. Rxa2 fxe4 16. dxe4 f5 17. Bg5 Rf7 18. exf5 gxf5 19. Nf4 Bxf4 20. Rxf4 Qd5 21. Bxe7 Qxa2 22. Bf6 Qe6 23. Qg5+ Kf8 24. Bd8 Qe1+ 25. Rf1 Qe3+ 26. Kh1 Qxg5 27. Bxg5 Re8 28. h3 Re2 29. Kh2 Ke8 30. c3 d3 31. b4 cxb4 32. cxb4 Rg7 33. Rxf5 d2 34. Rc5 Rxg2+ 0-1